| 000 | 01184nac a22003131u 4500 | ||
|---|---|---|---|
| 010 | _a2003116435 | ||
| 020 | _a053446503X (student ed.) | ||
| 020 | _a0534465099 (instructor's ed.) | ||
| 020 | _a0534407587 (international student ed.) | ||
| 020 | _a0534274943 (InfoTrac college ed. passcode card) | ||
| 020 | _a0534465072 (student solutions manual) | ||
| 035 | _a(DLC) 2003116435 | ||
| 082 | 0 | 0 |
_a515 _bT1611 |
| 090 |
_c1250 _d1250 |
||
| 100 | _aTan, Soo Tang. | ||
| 245 | 1 | 0 |
_aApplied calculus for the managerial, life, and social sciences / _cS.T. Tan. |
| 246 | 1 | 8 | _aApplied calculus |
| 250 | _a6th ed. | ||
| 260 |
_aBelmont, CA : _bThomson Brooks/Cole, _cc2005. |
||
| 300 |
_axiii, 869 p. : _bill. (some col.) ; _c27 cm. |
||
| 500 | _aInfoTrac college ed. passcode card tipped in. | ||
| 500 | _aAccompanied by: Student solutions manual for Applied calculus for the managerial, life, and social sciences, 6th ed. 432 p. : ill. ; 24 cm. | ||
| 500 | _aIncludes indexes. | ||
| 650 | 0 | _aCalculus. | |
| 942 |
_cBB _k515T1611 _hRDA-MOD |
||
| 999 |
_c1250 _d1250 |
||
| 336 |
_2rdacontent _atext _btxt |
||
| 337 |
_aunmediated _2rdamedia _bn |
||
| 338 |
_avolume _bnc _2rdacarrier |
||